[Event "World Junior U20 Girls 2018"]
[Site "Gebze"]
[Date "2018.09.06"]
[Round "2"]
[White "Maltsevskaya, Aleksandra"]
[Black "Salah, Nadezhda"]
[Result "1/2-1/2"]
[WhiteElo "2234"]
[BlackElo "1918"]
[Annotator "NA"]
[PlyCount "122"]
[EventDate "2018.09.05"]
[EventType "swiss"]
[EventCountry "TUR"]
[SourceTitle "playchess.com"]
[Source "ChessBase"]
[SourceQuality "1"]
[TimeControl "40/5400+30:1800+30"]

1. Nf3 {[%emt 0:00:30]} Nf6 {[%emt 0:00:30]} 2. g3 {[%emt 0:00:00]} g6 {[%emt 0:00:30]} 3. Bg2 {[%emt 0:00:00]} Bg7 {[%emt 0:00:00]} 4. O-O {[%emt 0:00:00]} O-O {[%emt 0:01:00]} 5. d4 {[%emt 0:00:00]} d6 {[%emt 0:00:30]} 6. b3 {[%emt 0:00:30]} a5 {[%emt 0:01:30]} 7. c4 {[%emt 0:00:30]} a4 {[%emt 0:01:30]} 8. b4 {[%emt 0:00:00]} c5 {[%emt 0:01:30]} 9. bxc5 {[%emt 0:00:00]} dxc5 {[%emt 0:00:00]} 10. Bb2 {[%emt 0:00:30]} Qb6 {[%emt 0:27:00]} 11. Qc1 {[%emt 0:03:30]} Bf5 {[%emt 0:01:30]} 12. Nbd2 {[%emt 0:05:30]} Ne4 {[%emt 0:03:30]} 13. Ba3 {[%emt 0:28:30]} cxd4 {[%emt 0:16:30]} 14. Nxe4 {[%emt 0:04:30]} Bxe4 {[%emt 0:00:30]} 15. Bxe7 {[%emt 0:01:30]} Re8 {[%emt 0:00:30]} 16. c5 {[%emt 0:05:30]} Qc6 {[%emt 0:01:30]} 17. Bd6 {[%emt 0:00:30]} d3 {[%emt 0:01:30]} 18. Re1 {[%emt 0:11:30]} dxe2 {[%emt 0:06:30]} 19. Rxe2 {[%emt 0:01:30]} Nd7 {[%emt 0:05:30]} 20. Rxe4 {[%emt 0:07:30]} Qxe4 {[%emt 0:00:30]} 21. Rb1 {[%emt 0:00:30]} Rad8 {[%emt 0:21:03]} 22. h3 {[%emt 0:06:30]} Qe2 {[%emt 0:01:48]} 23. Rxb7 {[%emt 0:06:47]} Nxc5 {[%emt 0:00:48]} 24. Qxc5 {[%emt 0:00:52]} Qd1+ {[%emt 0:00:30]} 25. Kh2 {[%emt 0:00:30]} Qxd6 {[%emt 0:00:00]} 26. Qc2 {[%emt 0:03:42]} Qa6 {[%emt 0:00:30]} 27. Ng5 {[%emt 0:02:57]} Rf8 {[%emt 0:01:47]} 28. Nxf7 {[%emt 0:04:17]} Rc8 {[%emt 0:02:17]} 29. Qd1 {[%emt 0:05:08]} Qf6 {[%emt 0:02:41]} 30. Nd6 {[%emt 0:00:50]} Rcd8 {[%emt 0:01:22]} 31. Qd5+ {[%emt 0:00:15]} Kh8 {[%emt 0:00:08]} 32. Nf7+ {[%emt 0:00:04]} Rxf7 {[%emt 0:00:45]} 33. Qxf7 {[%emt 0:00:30]} Qxf7 {[%emt 0:00:30]} 34. Rxf7 {[%emt 0:00:30]} h5 {[%emt 0:00:17]} 35. Ra7 {[%emt 0:01:37]} Rd4 {[%emt 0:00:26]} 36. Ra8+ {[%emt 0:00:53]} Kh7 {[%emt 0:00:03]} 37. f4 {[%emt 0:00:06]} h4 {[%emt 0:00:45]} 38. Ra7 {[%emt 0:00:25]} hxg3+ {[%emt 0:00:33]} 39. Kxg3 {[%emt 0:00:03]} Kh6 {[%emt 0:00:39]} 40. Bc6 {[%emt 0:01:02]} Rd3+ {[%emt 0:00:30]} 41. Kg4 {[%emt 0:00:02]} a3 {[%emt 0:01:08]} 42. Be4 {[%emt 0:02:30]} Re3 {[%emt 0:11:11]} 43. Bd5 {[%emt 0:00:30]} Rd3 {[%emt 0:05:08]} 44. Bb3 {[%emt 0:00:30]} Bb2 {[%emt 0:02:17]} 45. Bg8 {[%emt 0:01:30]} Bg7 {[%emt 0:00:30]} 46. Ra6 {[%emt 0:00:00]} Bf8 {[%emt 0:06:11]} 47. Ra7 {[%emt 0:03:00]} Bg7 {[%emt 0:00:02]} 48. Bf7 {[%emt 0:00:30]} Bf8 {[%emt 0:00:25]} 49. Bc4 {[%emt 0:00:30]} Rd4 {[%emt 0:01:04]} 50. Bg8 {[%emt 0:01:30]} g5 {[%emt 0:01:44]} 51. Ra6+ {[%emt 0:02:30]} Bd6 {[%emt 0:00:05]} 52. Kf5 {[%emt 0:00:30]} Rxf4+ {[%emt 0:01:32]} 53. Ke6 {[%emt 0:00:30]} Bb4 {[%emt 0:00:30]} 54. Ke5+ {[%emt 0:01:30]} Kh5 {[%emt 0:01:09]} 55. Be6 {[%emt 0:01:30]} Bc3+ {[%emt 0:00:24]} 56. Kd5 {[%emt 0:00:30]} Bb2 {[%emt 0:00:14]} 57. Bg4+ {[%emt 0:03:19]} Kh4 {[%emt 0:00:19]} 58. Rh6+ {[%emt 0:00:34]} Kg3 {[%emt 0:00:30]} 59. Rg6 {[%emt 0:00:00]} Kh4 {[%emt 0:00:11]} 60. Rh6+ {[%emt 0:00:23]} Kg3 {[%emt 0:00:01]} 61. Rh5 {[%emt 0:00:18]} Bc1 {[%emt 0:00:55]} 1/2-1/2

[Event "World Junior U20 Girls 2018"]
[Site "Gebze"]
[Date "2018.09.06"]
[Round "2"]
[White "Mahalakshmi, M."]
[Black "Ayan, Bengu Sena"]
[Result "1-0"]
[WhiteElo "2213"]
[BlackElo "1976"]
[Annotator "NA"]
[PlyCount "87"]
[EventDate "2018.09.05"]
[EventType "swiss"]
[EventCountry "TUR"]
[SourceTitle "playchess.com"]
[Source "ChessBase"]
[SourceQuality "1"]
[TimeControl "40/5400+30:1800+30"]

1. Nf3 {[%emt 0:00:30]} d5 {[%emt 0:00:30]} 2. g3 {[%emt 0:00:00]} g6 {[%emt 0:00:30]} 3. Bg2 {[%emt 0:00:00]} Bg7 {[%emt 0:00:30]} 4. d4 {[%emt 0:00:00]} Nf6 {[%emt 0:01:30]} 5. O-O {[%emt 0:00:00]} O-O {[%emt 0:02:30]} 6. c4 {[%emt 0:00:00]} c6 {[%emt 0:00:30]} 7. Qb3 {[%emt 0:00:00]} Nbd7 {[%emt 0:08:30]} 8. cxd5 {[%emt 0:04:30]} cxd5 {[%emt 0:00:30]} 9. Nc3 {[%emt 0:01:30]} Nb6 {[%emt 0:02:30]} 10. Ne5 {[%emt 0:02:30]} Be6 {[%emt 0:11:30]} 11. a4 {[%emt 0:03:30]} Ne4 {[%emt 0:13:30]} 12. Rd1 {[%emt 0:12:30]} Nxc3 {[%emt 0:16:30]} 13. Qxc3 {[%emt 0:05:30]} Rc8 {[%emt 0:05:30]} 14. Qb4 {[%emt 0:06:30]} Qd6 {[%emt 0:03:30]} 15. Qxd6 {[%emt 0:02:30]} exd6 {[%emt 0:00:30]} 16. Nf3 {[%emt 0:00:30]} Rc2 {[%emt 0:00:30]} 17. a5 {[%emt 0:00:30]} Nd7 {[%emt 0:00:30]} 18. Kf1 {[%emt 0:07:30]} Nf6 {[%emt 0:12:04]} 19. Ne1 {[%emt 0:02:30]} Rc6 {[%emt 0:04:03]} 20. Nd3 {[%emt 0:11:30]} Ne4 {[%emt 0:06:38]} 21. f3 {[%emt 0:00:30]} Nf6 {[%emt 0:00:18]} 22. Bd2 {[%emt 0:01:30]} Nd7 {[%emt 0:04:15]} 23. Bc3 {[%emt 0:03:30]} Rc4 {[%emt 0:00:58]} 24. e3 {[%emt 0:02:30]} f5 {[%emt 0:00:42]} 25. Bb4 {[%emt 0:04:30]} Rc6 {[%emt 0:00:04]} 26. Rac1 {[%emt 0:01:30]} Rfc8 {[%emt 0:00:02]} 27. Bxd6 {[%emt 0:00:30]} Rc2 {[%emt 0:04:08]} 28. Bb4 {[%emt 0:03:30]} Rxc1 {[%emt 0:00:30]} 29. Rxc1 {[%emt 0:00:30]} Rxc1+ {[%emt 0:00:30]} 30. Nxc1 {[%emt 0:00:30]} b6 {[%emt 0:00:00]} 31. Ke2 {[%emt 0:03:30]} Kf7 {[%emt 0:00:23]} 32. Kd2 {[%emt 0:01:30]} Nb8 {[%emt 0:00:24]} 33. Bd6 {[%emt 0:01:19]} Nc6 {[%emt 0:00:06]} 34. axb6 {[%emt 0:00:44]} axb6 {[%emt 0:00:01]} 35. Bc7 {[%emt 0:01:13]} b5 {[%emt 0:00:45]} 36. Bf1 {[%emt 0:00:19]} b4 {[%emt 0:00:00]} 37. Bb5 {[%emt 0:01:48]} Na7 {[%emt 0:00:00]} 38. Ba4 {[%emt 0:00:12]} Bf8 {[%emt 0:00:31]} 39. Nd3 {[%emt 0:01:02]} Nc8 {[%emt 0:00:34]} 40. Ba5 {[%emt 0:00:00]} Nd6 {[%emt 0:00:41]} 41. b3 {[%emt 0:02:53]} Bc8 {[%emt 0:08:23]} 42. Bxb4 {[%emt 0:02:30]} Ba6 {[%emt 0:00:30]} 43. Bc6 {[%emt 0:00:30]} Bxd3 {[%emt 0:03:30]} 44. Bxd5+ {[%emt 0:00:30]} 1-0

[Event "World Junior U20 Girls 2018"]
[Site "Gebze"]
[Date "2018.09.06"]
[Round "2"]
[White "Caglar, Sila"]
[Black "Ince, Safiye Oyku"]
[Result "1/2-1/2"]
[WhiteElo "2208"]
[BlackElo "1905"]
[Annotator "NA"]
[PlyCount "71"]
[EventDate "2018.09.05"]
[EventType "swiss"]
[EventCountry "TUR"]
[SourceTitle "playchess.com"]
[Source "ChessBase"]
[SourceQuality "1"]
[TimeControl "40/5400+30:1800+30"]

1. e4 {[%emt 0:00:30]} c5 {[%emt 0:00:30]} 2. Nf3 {[%emt 0:00:00]} e6 {[%emt 0:00:30]} 3. d4 {[%emt 0:00:00]} cxd4 {[%emt 0:00:30]} 4. Nxd4 {[%emt 0:00:30]} Nc6 {[%emt 0:00:00]} 5. Nc3 {[%emt 0:00:00]} Qc7 {[%emt 0:00:00]} 6. Be3 {[%emt 0:00:00]} a6 {[%emt 0:00:00]} 7. Qf3 {[%emt 0:00:00]} Nf6 {[%emt 0:02:00]} 8. O-O-O {[%emt 0:02:00]} b5 {[%emt 0:01:30]} 9. Qg3 {[%emt 0:35:30]} Qxg3 {[%emt 0:13:30]} 10. hxg3 {[%emt 0:00:30]} Bb7 {[%emt 0:00:30]} 11. f3 {[%emt 0:00:30]} Bc5 {[%emt 0:02:30]} 12. Kb1 {[%emt 0:03:30]} d6 $11 {[%emt 0:07:30]} 13. Nce2 {[%emt 0:15:30]} Ne5 {[%emt 0:11:30]} 14. Bc1 {[%emt 0:11:30]} d5 {[%emt 0:04:30]} 15. Nb3 {[%emt 0:02:30]} Bb6 {[%emt 0:04:30]} 16. exd5 {[%emt 0:01:30]} Nxd5 {[%emt 0:01:30]} 17. Nf4 {[%emt 0:01:30]} Rc8 {[%emt 0:02:30]} 18. Rh5 {[%emt 0:03:30]} Nc4 {[%emt 0:04:30]} 19. Nxd5 {[%emt 0:01:57]} Bxd5 {[%emt 0:00:30]} 20. Bd3 {[%emt 0:01:02]} h6 {[%emt 0:02:30]} 21. Re1 {[%emt 0:01:04]} Kd7 {[%emt 0:08:30]} 22. g4 {[%emt 0:02:53]} Nd6 {[%emt 0:08:30]} 23. Reh1 {[%emt 0:02:17]} Rhe8 {[%emt 0:01:30]} 24. g5 {[%emt 0:01:51]} hxg5 {[%emt 0:00:30]} 25. Rh7 {[%emt 0:00:03]} f6 {[%emt 0:00:30]} 26. Rxg7+ {[%emt 0:00:48]} Re7 {[%emt 0:00:30]} 27. Rxe7+ {[%emt 0:01:26]} Kxe7 {[%emt 0:00:00]} 28. Rh7+ {[%emt 0:00:48]} Kf8 {[%emt 0:01:30]} 29. Bd2 {[%emt 0:00:48]} Kg8 {[%emt 0:01:30]} 30. Rh3 {[%emt 0:01:29]} Bc4 {[%emt 0:01:30]} 31. Bc3 {[%emt 0:02:09]} Bxd3 {[%emt 0:00:30]} 32. cxd3 {[%emt 0:00:30]} Kg7 {[%emt 0:00:30]} 33. g4 {[%emt 0:01:41]} Kg6 {[%emt 0:00:30]} 34. Rh1 {[%emt 0:04:03]} Nf7 {[%emt 0:02:51]} 35. Nd2 {[%emt 0:02:33]} Rd8 {[%emt 0:00:59]} 36. Kc2 {[%emt 0:00:49]} 1/2-1/2

[Event "World Junior U20 Girls 2018"]
[Site "Gebze"]
[Date "2018.09.06"]
[Round "2"]
[White "Kubicka, Anna"]
[Black "Koljevic, Nikolina"]
[Result "1-0"]
[WhiteElo "2204"]
[BlackElo "1898"]
[Annotator "NA"]
[PlyCount "63"]
[EventDate "2018.09.05"]
[EventType "swiss"]
[EventCountry "TUR"]
[SourceTitle "playchess.com"]
[Source "ChessBase"]
[SourceQuality "1"]
[TimeControl "40/5400+30:1800+30"]

1. e4 {[%emt 0:00:30]} c5 {[%emt 0:00:30]} 2. Nf3 {[%emt 0:00:30]} Nc6 {[%emt 0:00:30]} 3. d4 {[%emt 0:00:00]} cxd4 {[%emt 0:00:00]} 4. Nxd4 {[%emt 0:00:00]} Nf6 {[%emt 0:00:00]} 5. Nc3 {[%emt 0:00:00]} d6 {[%emt 0:00:00]} 6. Bg5 {[%emt 0:00:00]} e6 {[%emt 0:00:00]} 7. Qd2 {[%emt 0:00:30]} a6 {[%emt 0:00:30]} 8. O-O-O {[%emt 0:00:30]} h6 {[%emt 0:00:00]} 9. Nxc6 {[%emt 0:00:30]} bxc6 {[%emt 0:00:00]} 10. Bf4 {[%emt 0:00:30]} d5 {[%emt 0:00:30]} 11. Qe3 {[%emt 0:02:30]} Bb4 {[%emt 0:06:30]} 12. Be2 {[%emt 0:12:30]} O-O {[%emt 0:16:30]} 13. e5 {[%emt 0:00:30]} Nd7 {[%emt 0:08:30]} 14. Bxh6 {[%emt 0:02:30]} gxh6 {[%emt 0:07:30]} 15. Rd4 {[%emt 0:00:30]} f5 {[%emt 0:13:30]} 16. exf6 {[%emt 0:14:30]} Qxf6 {[%emt 0:00:30]} 17. Rxb4 {[%emt 0:02:30]} Kh8 {[%emt 0:04:30]} 18. g3 {[%emt 0:06:30]} Qg5 {[%emt 0:08:30]} 19. Qxg5 {[%emt 0:09:30]} hxg5 {[%emt 0:00:30]} 20. Nd1 {[%emt 0:08:30]} Nf6 {[%emt 0:00:30]} 21. g4 {[%emt 0:02:30]} Kg7 {[%emt 0:03:30]} 22. h4 {[%emt 0:04:30]} Rh8 {[%emt 0:01:30]} 23. h5 {[%emt 0:00:00]} e5 {[%emt 0:01:30]} 24. f3 {[%emt 0:01:00]} Bd7 {[%emt 0:05:30]} 25. Nf2 {[%emt 0:02:30]} Kh6 {[%emt 0:01:30]} 26. Nd3 {[%emt 0:00:30]} e4 {[%emt 0:02:26]} 27. Ne5 {[%emt 0:05:30]} exf3 {[%emt 0:02:06]} 28. Bxf3 {[%emt 0:01:30]} Rhf8 {[%emt 0:02:04]} 29. Rb6 {[%emt 0:02:30]} Rab8 {[%emt 0:03:25]} 30. Nxd7 {[%emt 0:00:30]} Nxd7 {[%emt 0:00:23]} 31. Rxc6+ {[%emt 0:00:30]} Kh7 {[%emt 0:00:03]} 32. Bxd5 {[%emt 0:00:30]} 1-0

[Event "World Junior U20 Girls 2018"]
[Site "Gebze"]
[Date "2018.09.06"]
[Round "2"]
[White "Beydullayeva, Govhar"]
[Black "Tian, Shi Yuan"]
[Result "1-0"]
[WhiteElo "2202"]
[BlackElo "1923"]
[Annotator "NA"]
[PlyCount "77"]
[EventDate "2018.09.05"]
[EventType "swiss"]
[EventCountry "TUR"]
[SourceTitle "playchess.com"]
[Source "ChessBase"]
[SourceQuality "1"]
[TimeControl "40/5400+30:1800+30"]

1. c4 {[%emt 0:00:30]} Nf6 {[%emt 0:00:30]} 2. Nc3 {[%emt 0:00:00]} e6 {[%emt 0:00:30]} 3. d4 {[%emt 0:00:00]} d5 {[%emt 0:00:00]} 4. Bg5 {[%emt 0:00:30]} Nbd7 {[%emt 0:00:00]} 5. e3 {[%emt 0:03:30]} c6 {[%emt 0:03:30]} 6. Nf3 $11 {[%emt 0:01:30]} Be7 {[%emt 0:01:30]} 7. Qc2 {[%emt 0:02:30]} O-O {[%emt 0:01:30]} 8. Bd3 {[%emt 0:00:30]} h6 {[%emt 0:04:30]} 9. Bh4 {[%emt 0:00:30]} dxc4 {[%emt 0:03:30]} 10. Bxc4 {[%emt 0:00:30]} b5 {[%emt 0:00:00]} 11. Bd3 {[%emt 0:05:30]} Bb7 {[%emt 0:02:00]} 12. e4 {[%emt 0:08:30]} Nh5 {[%emt 0:17:30]} 13. Bxe7 {[%emt 0:04:30]} Qxe7 {[%emt 0:00:00]} 14. Qd2 {[%emt 0:12:30]} e5 {[%emt 0:07:00]} 15. O-O-O {[%emt 0:12:30]} a6 {[%emt 0:13:30]} 16. g4 {[%emt 0:04:30]} Nf4 {[%emt 0:05:30]} 17. Nxe5 {[%emt 0:01:30]} Nxd3+ {[%emt 0:01:30]} 18. Nxd3 {[%emt 0:00:30]} b4 {[%emt 0:08:30]} 19. Na4 {[%emt 0:00:30]} Qxe4 {[%emt 0:09:21]} 20. Ndc5 {[%emt 0:02:30]} Nxc5 {[%emt 0:00:19]} 21. Nxc5 {[%emt 0:00:00]} Qe7 {[%emt 0:00:41]} 22. Rhe1 {[%emt 0:02:00]} Qc7 {[%emt 0:00:44]} 23. g5 {[%emt 0:04:30]} hxg5 {[%emt 0:05:59]} 24. Qxg5 {[%emt 0:01:30]} Rae8 {[%emt 0:00:05]} 25. Rxe8 {[%emt 0:09:30]} Rxe8 {[%emt 0:00:30]} 26. Rg1 {[%emt 0:00:30]} g6 {[%emt 0:00:30]} 27. h4 {[%emt 0:00:30]} Qe7 {[%emt 0:05:42]} 28. Qf4 {[%emt 0:07:30]} Bc8 {[%emt 0:01:59]} 29. h5 {[%emt 0:00:37]} Kg7 {[%emt 0:00:56]} 30. Nd3 {[%emt 0:05:06]} Qe4 {[%emt 0:03:10]} 31. h6+ {[%emt 0:01:22]} Kh7 {[%emt 0:01:02]} 32. Qxf7+ {[%emt 0:01:35]} Kxh6 {[%emt 0:00:01]} 33. Re1 {[%emt 0:02:14]} Qxd3 {[%emt 0:01:56]} 34. Qxe8 {[%emt 0:00:24]} Qc4+ {[%emt 0:01:48]} 35. Kb1 {[%emt 0:00:05]} Bf5+ {[%emt 0:00:00]} 36. Ka1 {[%emt 0:00:05]} Qd5 {[%emt 0:01:31]} 37. Qh8+ {[%emt 0:01:08]} Kg5 {[%emt 0:00:08]} 38. Rg1+ {[%emt 0:00:00]} Bg4 {[%emt 0:01:07]} 39. Qe5+ {[%emt 0:00:26]} 1-0

[Event "World Junior U20 Girls 2018"]
[Site "Gebze"]
[Date "2018.09.06"]
[Round "2"]
[White "Schneider, Jana"]
[Black "Tokhirjonova, Gulrukhbegim"]
[Result "1/2-1/2"]
[WhiteElo "2190"]
[BlackElo "2369"]
[Annotator "TA"]
[PlyCount "159"]
[EventDate "2018.09.05"]
[EventType "swiss"]
[EventCountry "TUR"]
[SourceTitle "playchess.com"]
[Source "ChessBase"]
[SourceQuality "1"]

{[%evp 17,159,13,16,1,0,-2,0,0,0,-2,5,-27,-18,-7,-15,-45,-45,-54,-45,-89,-95,-74,-89,-74,-71,-72,-91,-112,-112,-185,-93,-137,-115,-109,-102,-207,-214,-200,-21,-18,0,0,0,-15,-10,-29,-21,-16,133,137,139,125,125,132,132,114,119,75,155,35,23,41,115,82,116,127,106,115,137,114,163,166,168,137,165,157,243,234,235,233,197,185,180,195,215,215,504,511,474,448,718,670,623,416,416,416,416,416,416,436,1070,1069,1070,1066,1068,1062,958,1021,592,563,476,218,238,32,40,48,84,84,84,83,67,14,14,2,8,0,0,0,0,0,8,8,8,8,8,0,0,0,0,0,0,0,0,0]} 1. e4 e5 2. Nf3 Nc6 3. Bc4 Bc5 4. d3 Nf6 5. O-O d6 6. a4 a5 {C50: Hungarian Defence and Giuoco Pianissimo} 7. c3 h6 8. Re1 O-O 9. h3 Bb6 {LiveBook: 8 Games} 10. Na3 Ne7 11. d4 $146 ({Predecessor:} 11. Bb3 c6 12. Nc4 Bc7 13. d4 Ng6 14. d5 Re8 15. Bc2 {0-1 (29) Maiwald,J (2474)-Tomashevsky,E (2701) Rijeka 2010}) 11... Ng6 12. Bb3 c6 13. Qc2 Nh5 14. Be3 Bc7 15. dxe5 dxe5 16. Bc5 Re8 17. Rad1 Qf6 {White must now prevent ...Ngf4.} 18. Nc4 Bxh3 19. Nd6 Bxd6 $1 20. Rxd6 Be6 21. Bxe6 Rxe6 22. Rd7 Ngf4 $1 23. Re3 ({Don't blunder} 23. Rxb7 $2 Qg6 $19) (23. g3 $17) 23... Ree8 (23... Qg6 $19 {[%csl Gf4][%cal Rg6g2]} 24. Ne1 Qg4) 24. Rxb7 Qg6 {[%csl Gf4][%cal Rg6g2]} 25. Ne1 Qg4 26. Bb6 (26. Be7 $17) 26... Re6 $19 27. Qd2 {[#]} Rg6 $2 (27... Nxg2 $1 $19 {[%mdl 512]} 28. f3 (28. Nxg2 Rg6 $17) 28... Qh3 29. Nxg2 Rg6) 28. Qd7 $11 Qxd7 29. Rxd7 Nf6 30. Rb7 Ng4 31. Rf3 Rd6 32. g3 $1 {[%cal Rg3f4]} Nh3+ (32... Rd1 $11 {remains equal.} 33. gxf4 Rxe1+ 34. Kg2 Rxe4) 33. Kg2 $16 Ng5 {Strongly threatening ...Rd1.} 34. Rd3 $36 {[%mdl 2048] Black is under strong pressure.} Nxe4 35. f3 Rxd3 36. Nxd3 Nd6 37. Rc7 e4 (37... Nc4 $142) 38. fxe4 (38. Rxc6 $16 Nc8 39. fxe4) 38... Nxe4 $14 39. Rxc6 Ra6 (39... h5 $14) 40. Rc8+ $1 $16 Kh7 41. Rb8 Ngf6 42. Ne5 Nd5 43. Bd4 Nd6 44. c4 Nb4 45. c5 Nf5 46. Bc3 Ne3+ (46... f6 $16 {is a better defense.}) 47. Kf3 $18 Ned5 48. Nxf7 Nxc3 49. bxc3 {[%mdl 4096] Endgame KRN-KRN} Nd3 50. Rc8 {And now Ke4 would win.} Rf6+ 51. Ke3 Nb2 $2 (51... Nxc5 {was worth a try.} 52. Rxc5 Rxf7 53. Rxa5 Kg6) 52. Ne5 Nxa4 53. c4 Rf1 (53... Ra6 $142 54. Kd4 (54. c6 Nb6 $16) 54... Nxc5) 54. c6 Re1+ 55. Kf4 Nc5 {Black wants to play ...Ne6+.} 56. c7 Ne6+ {[#]} 57. Kf5 $1 {[%cal Rf5e6]} Nd4+ 58. Kg4 {Hoping for Re8.} h5+ {[#]} (58... Rxe5 $142 59. Rf8 Rg5+ 60. Kh4 Rc5) 59. Kh3 $1 {Re8 is the strong threat.} ({Not} 59. Kf4 g5+ 60. Kxg5 Rxe5+ $17) 59... Rxe5 {KRN-KR} 60. Rd8 Rc5 61. c8=Q Rxc8 62. Rxc8 {KR-KN} Kg6 63. Ra8 Nb3 64. Kg2 (64. Ra6+ $142 Kf5 65. Kh4) 64... Kf6 65. Kf3 $2 (65. Kf2 $18) 65... Nd2+ $14 66. Kf4 {Threatens to win with c5.} g5+ 67. Ke3 Nxc4+ 68. Kd4 Nd2 69. Rf8+ (69. Kd3 $1 $14 Nb3 70. Ke4) 69... Ke6 $11 {The position is equal.} 70. Rf2 Nb3+ 71. Kc4 a4 72. Ra2 Kf5 73. Rxa4 Nd2+ 74. Kd3 Nf1 75. g4+ hxg4 76. Ra8 {aiming for Rf8+.} g3 {[%cal Bg4g3,Bg3g2][%mdl 32]} 77. Rf8+ Kg4 78. Rxf1 g2 79. Ra1 Kf3 80. Kd4 {Precision: White = 47%, Black = 53%.} 1/2-1/2

[Event "World Junior U20 Girls 2018"]
[Site "Gebze"]
[Date "2018.09.06"]
[Round "2"]
[White "Pychova, Nela"]
[Black "Gorti, Akshita"]
[Result "0-1"]
[WhiteElo "2173"]
[BlackElo "2315"]
[Annotator "TA"]
[PlyCount "94"]
[EventDate "2018.09.05"]
[EventType "swiss"]
[EventCountry "TUR"]
[SourceTitle "playchess.com"]
[Source "ChessBase"]
[SourceQuality "1"]

{[%evp 11,94,-10,-10,-36,5,-20,-17,-12,-16,-22,-20,-40,-13,-22,-20,-25,-12,-22,-17,-116,-18,-118,-104,-124,-129,-170,-190,-195,-118,-112,-110,-104,-45,-40,-46,-39,-54,-43,-60,-129,-130,-136,-137,-144,-157,-138,-119,-129,-117,-113,-128,-175,-187,-221,-214,-198,-129,-173,-180,-197,-196,-174,-145,-143,-148,-278,-267,-405,-405,-395,-287,-307,-303,-686,-721,-786,-755,-965,-939,-741,-868,-1057,-1006,-937,-941]} 1. e4 e6 2. d3 d5 3. Nd2 Nf6 4. Ngf3 c5 5. g3 b6 6. c3 {C00: French: Unusual White 2nd moves} (6. Bg2 Bb7 7. O-O Be7 8. Re1 Nc6 9. c3 Qc7 10. Nf1 O-O-O 11. Qa4 h6 12. Bf4 Qd7 13. Rad1 g5 14. Bc1 Kb8 15. Qc2 Ka8 16. a3 Qc7 17. Ne3 g4 18. Nh4 dxe4 {0-1 (42) Shirov,A (2710)-Kosyrev,V (2530) Tallinn 2006}) 6... Be7 {LiveBook: 4 Games} 7. Qa4+ Nfd7 $146 (7... Bd7 $5 {[%cal Rd7a4]} 8. Qc2 O-O $15) ({Predecessor:} 7... Qd7 8. Qc2 dxe4 9. dxe4 Nc6 10. a4 Bb7 11. Be2 O-O 12. O-O Rad8 13. e5 Nd5 {1-0 (57) Zepeda,L (2139)-Vovk,O (2159) Istanbul 2012}) 8. Be2 {The position is equal.} O-O 9. O-O Bb7 10. Re1 Nc6 11. Nf1 dxe4 12. dxe4 a6 13. Qc2 b5 14. Rd1 Qc8 15. h4 (15. Bf4 $11) 15... c4 (15... f5 $17 16. Bf4 fxe4) 16. Ne3 (16. Bf4 $1 $11 {remains equal.}) 16... Nc5 17. Ng2 Nb8 18. Nd2 Nbd7 19. b4 cxb3 ({Better is} 19... Na4 $1 $19 {[%cal Ra4c3] White must now prevent ...Nxc3!} 20. f4 Nf6) 20. axb3 $17 Qc7 21. Ba3 Rfe8 (21... Rfd8 $17) 22. c4 $15 Bf6 23. Rac1 Bd4 {aiming for ...Qxg3.} 24. Nf4 Qa5 $36 {[%mdl 2048] Black has some pressure.} 25. Bb2 {[#]} (25. Bxc5 $15 Nxc5 26. Bf3) 25... Bxb2 $1 $17 26. Qxb2 {[#] And now cxb5 would win.} b4 $1 27. f3 Qc7 28. Nf1 Rad8 29. Kh2 f6 30. Ne3 Ne5 31. Qc2 Qb6 32. Rxd8 Rxd8 33. Rd1 Rd6 (33... Ra8 $19 34. Qb2 Nxe4 35. fxe4 Qxe3) 34. Rxd6 Qxd6 35. Qd1 Qxd1 36. Bxd1 g5 37. hxg5 fxg5 38. Nh5 (38. Nh3 $17) 38... Kf7 $19 39. Kh3 (39. Nc2 $142 Nxb3 40. Nxb4) 39... Ned3 40. Kg2 {and the idea Nf1 leaves White hopeful.} Nc1 41. Nc2 a5 ({Don't do} 41... N1xb3 42. Nxb4 a5 43. Nc2 $19) 42. Nd4 $2 (42. Na1) 42... e5 {Black is clearly winning.} 43. Nb5 Bc6 44. Na7 Ba8 45. Nc8 N1xb3 46. Nb6 Bc6 47. f4 a4 {Precision: White = 24%, Black = 78%.} 0-1

[Event "World Junior U20 Girls 2018"]
[Site "Gebze"]
[Date "2018.09.06"]
[Round "2"]
[White "Du, Yuxin"]
[Black "De Silva, Tenara"]
[Result "1/2-1/2"]
[WhiteElo "2146"]
[BlackElo "1764"]
[Annotator "NA"]
[PlyCount "81"]
[EventDate "2018.09.05"]
[EventType "swiss"]
[EventCountry "TUR"]
[SourceTitle "playchess.com"]
[Source "ChessBase"]
[SourceQuality "1"]
[TimeControl "40/5400+30:1800+30"]

1. e4 {[%emt 0:02:30]} c6 {[%emt 0:00:30]} 2. Nc3 {[%emt 0:01:30]} d5 {[%emt 0:01:30]} 3. Nf3 {[%emt 0:00:30]} Nf6 {[%emt 0:04:30]} 4. e5 {[%emt 0:05:30]} Ne4 {[%emt 0:00:30]} 5. Nxe4 {[%emt 0:28:30]} dxe4 {[%emt 0:00:30]} 6. Ng5 {[%emt 0:00:30]} Qd5 {[%emt 0:01:30]} 7. Qe2 {[%emt 0:11:30]} Qxe5 {[%emt 0:04:30]} 8. Nxe4 {[%emt 0:00:30]} Bf5 {[%emt 0:01:30]} 9. d3 {[%emt 0:01:30]} e6 {[%emt 0:03:30]} 10. f4 {[%emt 0:10:30]} Qa5+ {[%emt 0:04:30]} 11. Bd2 {[%emt 0:01:30]} Qb6 {[%emt 0:00:30]} 12. O-O-O {[%emt 0:04:30]} h5 {[%emt 0:05:30]} 13. h3 {[%emt 0:05:30]} Bxe4 {[%emt 0:03:30]} 14. dxe4 {[%emt 0:01:30]} Nd7 {[%emt 0:00:00]} 15. Bc3 {[%emt 0:07:33]} O-O-O {[%emt 0:01:00]} 16. g3 {[%emt 0:03:07]} Bc5 {[%emt 0:11:30]} 17. Bg2 {[%emt 0:06:13]} Nf6 {[%emt 0:04:30]} 18. Rxd8+ {[%emt 0:02:49]} Qxd8 {[%emt 0:01:30]} 19. Rd1 {[%emt 0:00:46]} Qb6 {[%emt 0:00:30]} 20. Rd3 {[%emt 0:01:43]} Qb5 {[%emt 0:11:30]} 21. Bf3 {[%emt 0:01:09]} Rd8 {[%emt 0:04:30]} 22. Rxd8+ {[%emt 0:00:35]} Kxd8 {[%emt 0:00:00]} 23. Qxb5 {[%emt 0:00:40]} cxb5 {[%emt 0:00:00]} 24. Bxf6+ {[%emt 0:00:42]} gxf6 {[%emt 0:00:00]} 25. Bxh5 {[%emt 0:00:26]} Bf2 {[%emt 0:04:00]} 26. Bxf7 {[%emt 0:00:22]} Ke7 {[%emt 0:00:30]} 27. Bg6 {[%emt 0:01:08]} Bxg3 {[%emt 0:00:30]} 28. f5 {[%emt 0:00:00]} exf5 {[%emt 0:00:30]} 29. Bxf5 {[%emt 0:00:36]} b4 {[%emt 0:00:30]} 30. Kd2 {[%emt 0:00:24]} Kf7 {[%emt 0:01:30]} 31. c3 {[%emt 0:00:43]} bxc3+ {[%emt 0:00:00]} 32. Kxc3 {[%emt 0:00:13]} a5 {[%emt 0:00:00]} 33. Kc4 {[%emt 0:00:28]} b6 {[%emt 0:00:30]} 34. b3 {[%emt 0:01:05]} Bf2 {[%emt 0:00:00]} 35. Kd3 {[%emt 0:00:34]} Kg7 {[%emt 0:00:00]} 36. Ke2 {[%emt 0:00:30]} Bd4 {[%emt 0:00:30]} 37. Kf3 {[%emt 0:00:30]} Kh6 {[%emt 0:00:30]} 38. Kg4 {[%emt 0:00:30]} Be5 {[%emt 0:00:00]} 39. h4 {[%emt 0:00:00]} Bd4 {[%emt 0:00:00]} 40. Bd7 {[%emt 0:00:00]} Be5 {[%emt 0:00:00]} 41. Be8 {[%emt 0:06:44]} 1/2-1/2